Cities of Manatee County, Florida - Statistics

General Stats
  • This quiz has been taken 7 times
  • The average score is 3 of 6
Answer Stats
Answer Population % Correct
Bradenton 56,986
100%
Palmetto 13,620
67%
Anna Maria 1,005
33%
Bradenton Beach 918
33%
Holmes Beach 3,004
33%
Longboat Key 7,578
0%
No matching quizzes found
Score Distribution
Percent of People with Each Score
Percentile by Number Answered
Your Score History
You have not taken this quiz